[Event "Ceske Budejovice Open-A 2019"]
[Site "Ceske Budejovice"]
[Date "2019.07.05"]
[Round "7.16"]
[White "Barak, David"]
[Black "Rolinkova, Lucie"]
[Result "1-0"]
[WhiteElo "2015"]
[BlackElo "1703"]
[Annotator "NA"]
[PlyCount "45"]
[EventDate "2019.07.02"]
[EventCountry "CZE"]
[SourceTitle "playchess.com"]
[Source "ChessBase"]
[SourceQuality "1"]
[TimeControl "5400+30"]

1. e4 {[%emt 0:00:00]} d5 {[%emt 0:00:00]} 2. exd5 {[%emt 0:00:00]} Qxd5 {[%emt 0:00:05]} 3. Nc3 {[%emt 0:00:00]} Qa5 {[%emt 0:00:40]} 4. d4 {[%emt 0:00:00]} Nf6 {[%emt 0:01:02]} 5. Nf3 {[%emt 0:02:06]} Bf5 {[%emt 0:00:22]} 6. Bd2 {[%emt 0:01:11]} c6 {[%emt 0:00:36]} 7. Ne4 {[%emt 0:01:21]} Qb6 {[%emt 0:02:20]} 8. Nxf6+ {[%emt 0:04:57]} gxf6 {[%emt 0:06:00]} 9. b4 {[%emt 0:24:18]} e6 {[%emt 0:05:24]} 10. Rb1 {[%emt 0:07:26]} Nd7 {[%emt 0:03:53]} 11. Be2 {[%emt 0:05:45]} e5 {[%emt 0:09:14]} 12. O-O {[%emt 0:10:40]} e4 {[%emt 0:15:57]} 13. Nh4 {[%emt 0:06:00]} Be6 {[%emt 0:05:57]} 14. Bf4 Bxa2 {[%emt 0:18:20]} 15. Rb2 {[%emt 0:07:22]} Be6 {[%emt 0:00:38]} 16. c4 {[%emt 0:01:51]} Nb8 {[%emt 0:02:24]} 17. d5 {[%emt 0:06:17]} cxd5 {[%emt 0:00:46]} 18. cxd5 {[%emt 0:00:14]} Bd7 {[%emt 0:00:38]} 19. Qc2 {[%emt 0:00:46]} f5 {[%emt 0:01:23]} 20. Qc3 {[%emt 0:00:40]} Rg8 {[%emt 0:03:52]} 21. Bxb8 {[%emt 0:06:42]} Bg7 {[%emt 0:08:43]} 22. Be5 {[%emt 0:03:42]} Rc8 {[%emt 0:00:12]} 23. Qg3 {[%emt 0:00:32]} 1-0

[Event "Ceske Budejovice Open-A 2019"]
[Site "Ceske Budejovice"]
[Date "2019.07.05"]
[Round "7.17"]
[White "Kanka, Matej"]
[Black "Steiner, Juraj"]
[Result "0-1"]
[WhiteElo "1858"]
[BlackElo "1896"]
[Annotator "NA"]
[PlyCount "70"]
[EventDate "2019.07.02"]
[EventCountry "CZE"]
[SourceTitle "playchess.com"]
[Source "ChessBase"]
[SourceQuality "1"]
[TimeControl "5400+30"]

1. c4 {[%emt 0:00:00]} c5 {[%emt 0:00:05]} 2. Nc3 {[%emt 0:00:04]} Nf6 {[%emt 0:00:20]} 3. g3 {[%emt 0:00:41]} e6 {[%emt 0:01:12]} 4. Bg2 {[%emt 0:00:55]} d5 {[%emt 0:00:36]} 5. d3 {[%emt 0:01:39]} d4 {[%emt 0:01:15]} 6. Ne4 {[%emt 0:00:29]} Be7 {[%emt 0:04:42]} 7. e3 {[%emt 0:08:17]} Nc6 {[%emt 0:04:08]} 8. Ne2 {[%emt 0:00:37]} e5 {[%emt 0:11:15]} 9. Nxf6+ {[%emt 0:02:04]} Bxf6 {[%emt 0:00:34]} 10. e4 {[%emt 0:00:07]} h5 {[%emt 0:06:11]} 11. h4 {[%emt 0:04:29]} Bg4 {[%emt 0:03:42]} 12. f3 {[%emt 0:00:49]} Bd7 {[%emt 0:00:13]} 13. a3 {[%emt 0:02:03]} a6 {[%emt 0:02:48]} 14. Bd2 {[%emt 0:00:42]} g5 {[%emt 0:01:19]} 15. hxg5 {[%emt 0:00:24]} Bxg5 {[%emt 0:00:13]} 16. b4 {[%emt 0:00:43]} Qe7 {[%emt 0:05:51]} 17. Bxg5 {[%emt 0:05:10]} Qxg5 {[%emt 0:00:34]} 18. bxc5 {[%emt 0:00:09]} h4 {[%emt 0:08:27]} 19. Qd2 {[%emt 0:03:28]} Qg7 {[%emt 0:03:20]} 20. g4 {[%emt 0:04:51]} O-O-O {[%emt 0:06:50]} 21. Rb1 {[%emt 0:00:45]} Rdg8 {[%emt 0:00:15]} 22. Qb2 {[%emt 0:01:59]} Nd8 {[%emt 0:00:44]} 23. Bh3 {[%emt 0:02:59]} Qg5 {[%emt 0:01:39]} 24. Rf1 {[%emt 0:05:54]} Qe3 {[%emt 0:04:23]} 25. Qb3 {[%emt 0:03:38]} Bc6 {[%emt 0:04:34]} 26. Kd1 {[%emt 0:02:06]} Ne6 {[%emt 0:02:00]} 27. g5 {[%emt 0:02:04]} Rxg5 {[%emt 0:00:32]} 28. Qb6 {[%emt 0:03:42]} Rg3 {[%emt 0:06:04]} 29. Qa7 {[%emt 0:02:04]} Qxd3+ {[%emt 0:03:26]} 30. Ke1 {[%emt 0:01:44]} Qxb1+ {[%emt 0:00:14]} 31. Kf2 {[%emt 0:00:05]} Qb2 {[%emt 0:05:11]} 32. Bxe6+ {[%emt 0:01:19]} fxe6 {[%emt 0:01:24]} 33. Qa8+ {[%emt 0:00:13]} Kc7 {[%emt 0:00:22]} 34. Qxh8 {[%emt 0:00:53]} d3 {[%emt 0:01:05]} 35. Qxh4 {[%emt 0:02:59]} dxe2 {[%emt 0:01:38]} 0-1

[Event "Ceske Budejovice Open-A 2019"]
[Site "Ceske Budejovice"]
[Date "2019.07.05"]
[Round "7.18"]
[White "Chval, Zdenek"]
[Black "Puncochar, Jiri"]
[Result "1/2-1/2"]
[WhiteElo "2145"]
[BlackElo "2014"]
[Annotator "NA"]
[PlyCount "53"]
[EventDate "2019.07.02"]
[EventCountry "CZE"]
[SourceTitle "playchess.com"]
[Source "ChessBase"]
[SourceQuality "1"]
[TimeControl "5400+30"]

1. e4 {[%emt 0:00:00]} e5 {[%emt 0:00:00]} 2. Nf3 {[%emt 0:00:00]} Nc6 {[%emt 0:00:00]} 3. Bb5 {[%emt 0:00:00]} a6 {[%emt 0:00:00]} 4. Ba4 {[%emt 0:00:00]} Nf6 {[%emt 0:00:00]} 5. O-O {[%emt 0:00:00]} Be7 {[%emt 0:00:10]} 6. Re1 {[%emt 0:00:00]} b5 {[%emt 0:00:18]} 7. Bb3 {[%emt 0:00:00]} O-O {[%emt 0:00:29]} 8. h3 {[%emt 0:00:55]} d6 {[%emt 0:00:43]} 9. c3 {[%emt 0:00:11]} Na5 {[%emt 0:01:14]} 10. Bc2 {[%emt 0:00:32]} c5 {[%emt 0:00:06]} 11. d4 {[%emt 0:00:19]} Qc7 {[%emt 0:00:29]} 12. Nbd2 {[%emt 0:01:09]} cxd4 {[%emt 0:03:14]} 13. cxd4 {[%emt 0:00:23]} Bd7 {[%emt 0:00:46]} 14. Nf1 {[%emt 0:11:42]} Rfc8 {[%emt 0:07:45]} 15. Bb1 {[%emt 0:05:34]} h6 {[%emt 0:18:07]} 16. Ng3 {[%emt 0:12:17]} Bf8 {[%emt 0:03:01]} 17. Nh4 {[%emt 0:27:00]} Nc6 {[%emt 0:02:28]} 18. Nhf5 {[%emt 0:04:51]} Nxd4 {[%emt 0:06:08]} 19. Nxd4 {[%emt 0:00:19]} exd4 {[%emt 0:00:07]} 20. Qxd4 {[%emt 0:00:13]} Ne8 {[%emt 0:14:37]} 21. Nf5 {[%emt 0:12:00]} Bxf5 {[%emt 0:01:54]} 22. exf5 {[%emt 0:00:20]} Be7 {[%emt 0:00:14]} 23. Bf4 {[%emt 0:09:28]} Bf6 {[%emt 0:00:56]} 24. Qd2 {[%emt 0:00:42]} Qc5 {[%emt 0:01:10]} 25. Be4 {[%emt 0:02:18]} Rab8 {[%emt 0:01:20]} 26. Rac1 {[%emt 0:01:08]} Qb6 {[%emt 0:00:32]} 27. Be3 {[%emt 0:01:11]} 1/2-1/2

[Event "Ceske Budejovice Open-A 2019"]
[Site "Ceske Budejovice"]
[Date "2019.07.05"]
[Round "7.19"]
[White "Stehlik, Jiri"]
[Black "Brhlik, Antonin"]
[Result "1-0"]
[WhiteElo "1930"]
[BlackElo "1639"]
[Annotator "NA"]
[PlyCount "151"]
[EventDate "2019.07.02"]
[EventCountry "CZE"]
[SourceTitle "playchess.com"]
[Source "ChessBase"]
[SourceQuality "1"]
[TimeControl "5400+30"]

1. c4 Nf6 2. Nf3 e6 3. g3 b6 4. Bg2 Bb7 5. O-O Be7 6. d4 d5 7. Ne5 O-O 8. Nc3 c5 9. Be3 Nc6 10. Nxc6 Bxc6 11. cxd5 exd5 12. h3 Rc8 13. Rc1 c4 14. Bd2 b5 15. a3 a5 16. e3 b4 17. axb4 axb4 18. Ne2 Qd7 19. Ra1 Ra8 20. f3 Rxa1 21. Qxa1 Ra8 22. Qb1 Qb7 23. Re1 Re8 24. h4 Bd6 25. Bh3 Qb8 26. Kf2 Qc7 27. Qc2 Bd7 28. Bxd7 Qxd7 29. Kg2 g6 30. Ra1 Qb7 31. Qa4 Qb6 32. Kf2 Kg7 33. Qa7 Qxa7 34. Rxa7 h5 35. Rb7 b3 36. Ra7 Rb8 37. Ra5 Rd8 38. Ra4 Bf8 39. Nc3 Kg8 40. Ne2 Kg7 41. Nf4 Rd7 42. Bc3 Kg8 43. Ra8 Kg7 44. Ra6 Rb7 45. Ra4 Bd6 46. Nh3 Kf8 47. Ng1 Ke7 48. Ne2 Kd7 49. Ke1 Kc6 50. Kd2 Kd7 51. Kd1 Kc7 52. Be1 Kd7 53. Bd2 Rc7 54. Kc1 Ke8 55. Ra6 Kd7 56. Be1 Rb7 57. Nc3 Be7 58. e4 dxe4 59. fxe4 Ng4 60. Nd5 Bd8 61. Ra4 f5 62. e5 Kc6 63. Nf4 Kb5 64. Rb4+ Ka6 65. Rxc4 Rc7 66. Rxc7 Bxc7 67. Nxg6 Ne3 68. Nf4 Bb6 69. Bc3 Kb7 70. Nxh5 Nd5 71. Nf4 Ne7 72. h5 Ng8 73. Nd5 Bd8 74. Bd2 Kc6 75. Nc3 Ne7 76. Bg5 {Kd5} 1-0

[Event "Ceske Budejovice Open-A 2019"]
[Site "Ceske Budejovice"]
[Date "2019.07.05"]
[Round "7.21"]
[White "Asatryan, Manvel"]
[Black "Baloun, Tomas"]
[Result "1-0"]
[WhiteElo "1799"]
[BlackElo "1887"]
[Annotator "NA"]
[PlyCount "57"]
[EventDate "2019.07.02"]
[EventCountry "CZE"]
[SourceTitle "playchess.com"]
[Source "ChessBase"]
[SourceQuality "1"]
[TimeControl "5400+30"]

1. e4 {[%emt 0:00:00]} c5 {[%emt 0:00:00]} 2. c3 {[%emt 0:00:00]} Nf6 {[%emt 0:00:35]} 3. e5 {[%emt 0:00:00]} Nd5 {[%emt 0:00:09]} 4. d4 {[%emt 0:00:00]} cxd4 {[%emt 0:00:36]} 5. cxd4 {[%emt 0:00:00]} d6 {[%emt 0:00:53]} 6. Nf3 {[%emt 0:01:31]} Nc6 {[%emt 0:00:45]} 7. Be2 {[%emt 0:01:29]} g6 {[%emt 0:01:04]} 8. Nc3 {[%emt 0:04:31]} Nxc3 {[%emt 0:03:46]} 9. bxc3 {[%emt 0:00:08]} dxe5 {[%emt 0:00:35]} 10. d5 {[%emt 0:00:54]} Nb8 {[%emt 0:09:38]} 11. Nxe5 {[%emt 0:06:02]} Qa5 {[%emt 0:06:26]} 12. Qb3 {[%emt 0:03:10]} Bg7 {[%emt 0:06:08]} 13. Bf4 {[%emt 0:14:10]} O-O {[%emt 0:21:14]} 14. O-O {[%emt 0:08:18]} Na6 {[%emt 0:06:14]} 15. Rac1 {[%emt 0:05:17]} Rd8 {[%emt 0:07:29]} 16. Rfd1 {[%emt 0:08:57]} Nc5 {[%emt 0:07:05]} 17. Qb5 {[%emt 0:06:11]} Qxb5 {[%emt 0:01:35]} 18. Bxb5 {[%emt 0:00:04]} a6 {[%emt 0:02:20]} 19. Be2 {[%emt 0:02:41]} g5 {[%emt 0:03:26]} 20. Be3 {[%emt 0:05:49]} Ne4 {[%emt 0:01:37]} 21. f4 {[%emt 0:01:21]} gxf4 {[%emt 0:03:26]} 22. Bxf4 {[%emt 0:00:02]} Bd7 {[%emt 0:00:36]} 23. c4 {[%emt 0:07:44]} Rac8 {[%emt 0:00:40]} 24. Nxd7 {[%emt 0:01:13]} Rxd7 {[%emt 0:00:07]} 25. Bg4 {[%emt 0:00:34]} e6 {[%emt 0:04:42]} 26. dxe6 {[%emt 0:02:20]} Rxd1+ {[%emt 0:01:39]} 27. Rxd1 {[%emt 0:00:05]} f6 {[%emt 0:06:04]} 28. e7 {[%emt 0:00:32]} Re8 {[%emt 0:00:30]} 29. Be6+ {[%emt 0:00:13]} 1-0

[Event "Ceske Budejovice Open-A 2019"]
[Site "Ceske Budejovice"]
[Date "2019.07.05"]
[Round "7.22"]
[White "Stodola, Zdenek"]
[Black "Pavlicek, Petr"]
[Result "1-0"]
[WhiteElo "1551"]
[BlackElo "1828"]
[Annotator "NA"]
[PlyCount "65"]
[EventDate "2019.07.02"]
[EventCountry "CZE"]
[SourceTitle "playchess.com"]
[Source "ChessBase"]
[SourceQuality "1"]
[TimeControl "5400+30"]

1. d4 {[%emt 0:00:00]} Nf6 {[%emt 0:00:00]} 2. c4 {[%emt 0:00:00]} g6 {[%emt 0:00:00]} 3. Nc3 {[%emt 0:00:00]} d5 {[%emt 0:00:00]} 4. cxd5 {[%emt 0:00:00]} Nxd5 {[%emt 0:00:01]} 5. e4 {[%emt 0:00:14]} Nxc3 {[%emt 0:00:05]} 6. bxc3 {[%emt 0:00:04]} Bg7 {[%emt 0:00:08]} 7. Bc4 {[%emt 0:00:13]} O-O {[%emt 0:00:16]} 8. Ne2 {[%emt 0:00:19]} c5 {[%emt 0:00:10]} 9. Be3 {[%emt 0:00:37]} Nc6 {[%emt 0:00:25]} 10. O-O {[%emt 0:00:29]} Qc7 {[%emt 0:02:11]} 11. Bd3 {[%emt 0:01:23]} Rd8 {[%emt 0:02:08]} 12. Rc1 {[%emt 0:01:22]} Qa5 {[%emt 0:04:39]} 13. Bc4 {[%emt 0:08:16]} b5 {[%emt 0:20:52]} 14. Bd5 {[%emt 0:02:57]} Bb7 {[%emt 0:00:22]} 15. Qc2 {[%emt 0:22:16]} c4 {[%emt 0:06:54]} 16. Bxc6 {[%emt 0:02:26]} Bxc6 {[%emt 0:00:08]} 17. d5 {[%emt 0:00:16]} Be8 {[%emt 0:06:12]} 18. Nd4 {[%emt 0:00:32]} Qc7 {[%emt 0:03:16]} 19. f4 {[%emt 0:04:59]} a6 {[%emt 0:04:19]} 20. Qf2 {[%emt 0:00:29]} Rac8 {[%emt 0:07:25]} 21. Nf3 {[%emt 0:07:16]} Qd6 {[%emt 0:02:31]} 22. Rfd1 {[%emt 0:03:29]} e5 {[%emt 0:02:43]} 23. fxe5 {[%emt 0:07:01]} Bxe5 {[%emt 0:00:25]} 24. Nxe5 {[%emt 0:00:18]} Qxe5 {[%emt 0:00:09]} 25. Bd4 {[%emt 0:01:00]} Qd6 {[%emt 0:02:01]} 26. Bf6 {[%emt 0:05:30]} Rd7 {[%emt 0:01:23]} 27. Rd4 {[%emt 0:05:29]} Qf8 {[%emt 0:02:37]} 28. Qh4 {[%emt 0:04:17]} Rb7 {[%emt 0:07:05]} 29. Rf1 {[%emt 0:05:43]} Bd7 {[%emt 0:04:41]} 30. e5 {[%emt 0:00:21]} b4 {[%emt 0:02:21]} 31. Rff4 {[%emt 0:00:44]} bxc3 {[%emt 0:00:46]} 32. Qxh7+ {[%emt 0:00:43]} Kxh7 {[%emt 0:00:12]} 33. Rh4+ {[%emt 0:00:09]} 1-0

[Event "Ceske Budejovice Open-A 2019"]
[Site "Ceske Budejovice"]
[Date "2019.07.05"]
[Round "7.23"]
[White "Hlavsa, Filip"]
[Black "Solovyova, Anastasia"]
[Result "0-1"]
[WhiteElo "1843"]
[BlackElo "1835"]
[Annotator "NA"]
[PlyCount "160"]
[EventDate "2019.07.02"]
[EventCountry "CZE"]
[SourceTitle "playchess.com"]
[Source "ChessBase"]
[SourceQuality "1"]
[TimeControl "5400+30"]

1. e4 {[%emt 0:00:00]} e6 {[%emt 0:00:00]} 2. Nf3 {[%emt 0:00:00]} d5 {[%emt 0:01:39]} 3. e5 {[%emt 0:00:01]} c5 {[%emt 0:00:29]} 4. b4 cxb4 {[%emt 0:17:50]} 5. a3 {[%emt 0:01:43]} Nc6 6. axb4 {[%emt 0:04:25]} Bxb4 {[%emt 0:01:26]} 7. c3 {[%emt 0:03:42]} Bf8 {[%emt 0:17:04]} 8. d4 {[%emt 0:03:07]} Nh6 {[%emt 0:03:08]} 9. Bd3 {[%emt 0:16:14]} Nf5 {[%emt 0:08:25]} 10. h4 {[%emt 0:16:50]} Be7 {[%emt 0:14:58]} 11. Na3 {[%emt 0:07:57]} Qa5 12. Bb2 Bxa3 {[%emt 0:04:02]} 13. Rxa3 {[%emt 0:01:16]} Qc7 {[%emt 0:08:26]} 14. Nd2 h5 15. g4 {[%emt 0:21:42]} hxg4 {[%emt 0:00:35]} 16. Qxg4 {[%emt 0:00:08]} g6 {[%emt 0:00:31]} 17. Ra1 {[%emt 0:10:24]} Rh5 18. Rc1 {[%emt 0:00:47]} Qe7 {[%emt 0:02:55]} 19. Nf3 Bd7 {[%emt 0:02:36]} 20. Rc2 {[%emt 0:01:15]} O-O-O {[%emt 0:01:02]} 21. Bc1 Rg8 {[%emt 0:03:26]} 22. Bg5 {[%emt 0:00:51]} Qa3 23. Bc1 Qa5 {[%emt 0:02:52]} 24. Bd2 {[%emt 0:05:24]} Qa1+ {[%emt 0:01:15]} 25. Rc1 Qa3 {[%emt 0:00:48]} 26. Bxf5 {[%emt 0:00:38]} exf5 27. Qg3 {[%emt 0:00:41]} Be6 {[%emt 0:01:09]} 28. Bg5 {[%emt 0:00:44]} Kb8 {[%emt 0:01:06]} 29. O-O {[%emt 0:00:57]} Rc8 {[%emt 0:01:06]} 30. Bd2 {[%emt 0:00:51]} Qe7 {[%emt 0:01:47]} 31. Ra1 Qc7 {[%emt 0:01:32]} 32. Rfb1 {[%emt 0:01:17]} Na5 {[%emt 0:00:48]} 33. Ne1 {[%emt 0:01:52]} Nc4 {[%emt 0:01:01]} 34. Bg5 {[%emt 0:00:12]} Qc6 {[%emt 0:01:56]} 35. Nd3 Ka8 {[%emt 0:02:05]} 36. Rb3 {[%emt 0:01:44]} b6 37. Nb4 {[%emt 0:01:47]} Qd7 {[%emt 0:00:39]} 38. Qd3 {[%emt 0:00:40]} Na5 {[%emt 0:00:36]} 39. Rba3 Rc4 {[%emt 0:01:02]} 40. Rb1 {[%emt 0:01:25]} Rh8 {[%emt 0:00:00]} 41. Qf3 {[%emt 0:00:00]} Rhc8 {[%emt 0:00:00]} 42. Bd2 {[%emt 0:00:00]} Nc6 {[%emt 0:00:00]} 43. Nc2 {[%emt 0:00:00]} Na5 44. Rba1 {[%emt 0:00:00]} R4c7 {[%emt 0:00:00]} 45. Ne3 {[%emt 0:00:00]} Qb5 46. Kg2 Nc4 {[%emt 0:00:00]} 47. Nxc4 {[%emt 0:00:00]} Qxc4 48. Ra4 {[%emt 0:00:57]} Qc6 {[%emt 0:00:00]} 49. Ra6 {[%emt 0:01:02]} Rh8 {[%emt 0:00:00]} 50. Rb1 {[%emt 0:00:56]} Kb7 {[%emt 0:01:33]} 51. Rba1 Kb8 52. Bc1 {[%emt 0:01:35]} Rxh4 {[%emt 0:01:32]} 53. Ba3 Qxc3 {[%emt 0:01:25]} 54. Qxc3 {[%emt 0:01:00]} Rxc3 {[%emt 0:00:05]} 55. Bd6+ {[%emt 0:00:13]} Kc8 {[%emt 0:00:57]} 56. Rxa7 {[%emt 0:00:10]} Rg4+ {[%emt 0:01:00]} 57. Kf1 {[%emt 0:00:10]} Kd8 {[%emt 0:00:36]} 58. Rb7 Rxd4 59. Rxb6 {[%emt 0:03:02]} Rdc4 {[%emt 0:02:19]} 60. Ra8+ {[%emt 0:00:47]} Rc8 {[%emt 0:00:08]} 61. Ra4 {[%emt 0:00:21]} R3c4 {[%emt 0:00:30]} 62. Ra7 d4 {[%emt 0:01:05]} 63. Ba3 {[%emt 0:01:15]} R4c6 {[%emt 0:00:37]} 64. Rb4 {[%emt 0:00:42]} Rc4 65. Rb6 {[%emt 0:00:35]} R8c6 {[%emt 0:00:58]} 66. Rb8+ {[%emt 0:00:39]} Bc8 67. Rb5 {[%emt 0:00:47]} Rc7 {[%emt 0:00:59]} 68. Rd5+ {[%emt 0:00:41]} Rd7 {[%emt 0:00:37]} 69. Raa5 {[%emt 0:00:15]} Rxd5 {[%emt 0:00:19]} 70. Rxd5+ {[%emt 0:00:03]} Kc7 {[%emt 0:00:13]} 71. Bc5 {[%emt 0:00:35]} Kc6 {[%emt 0:00:20]} 72. Rd8 {[%emt 0:00:21]} Kxc5 {[%emt 0:00:28]} 73. Rxc8+ {[%emt 0:00:06]} Kd5 {[%emt 0:00:06]} 74. Re8 {[%emt 0:00:48]} Rc6 {[%emt 0:01:35]} 75. Re7 {[%emt 0:01:09]} Re6 {[%emt 0:00:05]} 76. Rd7+ {[%emt 0:00:33]} Kxe5 77. Rxf7 {[%emt 0:00:26]} Rd6 {[%emt 0:00:54]} 78. Ke2 {[%emt 0:00:17]} Kf4 {[%emt 0:00:05]} 79. Re7 {[%emt 0:00:34]} d3+ {[%emt 0:00:46]} 80. Kd2 {[%emt 0:00:44]} Kf3 {[%emt 0:00:13]} 0-1

[Event "Ceske Budejovice Open-A 2019"]
[Site "Ceske Budejovice"]
[Date "2019.07.05"]
[Round "7.24"]
[White "Chval, Petr"]
[Black "Petkov, Andon"]
[Result "1-0"]
[WhiteElo "1885"]
[BlackElo "1761"]
[Annotator "NA"]
[PlyCount "79"]
[EventDate "2019.07.02"]
[EventCountry "CZE"]
[SourceTitle "playchess.com"]
[Source "ChessBase"]
[SourceQuality "1"]
[TimeControl "5400+30"]

1. c4 {[%emt 0:00:00]} g6 {[%emt 0:00:08]} 2. g3 {[%emt 0:00:25]} e5 {[%emt 0:00:10]} 3. Bg2 {[%emt 0:00:12]} Bg7 {[%emt 0:00:05]} 4. Nc3 {[%emt 0:00:29]} c6 {[%emt 0:00:06]} 5. e4 {[%emt 0:03:14]} d6 {[%emt 0:00:44]} 6. Nf3 {[%emt 0:01:36]} Nf6 {[%emt 0:03:11]} 7. O-O {[%emt 0:00:57]} O-O {[%emt 0:00:08]} 8. Rb1 {[%emt 0:04:04]} b6 {[%emt 0:00:37]} 9. b4 {[%emt 0:00:36]} Qe7 {[%emt 0:00:38]} 10. d3 {[%emt 0:01:52]} Nbd7 {[%emt 0:00:15]} 11. Bg5 {[%emt 0:02:01]} h6 {[%emt 0:00:38]} 12. Bd2 {[%emt 0:01:23]} Bb7 {[%emt 0:00:18]} 13. Ne1 {[%emt 0:04:53]} Nh7 {[%emt 0:04:00]} 14. Qc1 {[%emt 0:01:50]} h5 {[%emt 0:06:46]} 15. Bh6 {[%emt 0:08:12]} f6 {[%emt 0:00:39]} 16. Nc2 {[%emt 0:01:29]} Bxh6 {[%emt 0:01:07]} 17. Qxh6 {[%emt 0:00:13]} Qg7 {[%emt 0:00:05]} 18. Qd2 {[%emt 0:01:08]} Rad8 {[%emt 0:10:18]} 19. a4 {[%emt 0:02:33]} Ng5 {[%emt 0:05:02]} 20. f4 {[%emt 0:06:57]} Ne6 {[%emt 0:01:13]} 21. d4 {[%emt 0:00:21]} c5 {[%emt 0:01:56]} 22. d5 {[%emt 0:14:56]} Nc7 {[%emt 0:00:22]} 23. b5 {[%emt 0:04:22]} exf4 {[%emt 0:08:26]} 24. gxf4 {[%emt 0:00:19]} Qh6 {[%emt 0:01:00]} 25. Ne3 {[%emt 0:05:14]} Ne8 {[%emt 0:04:05]} 26. Bh3 {[%emt 0:04:11]} Ng7 {[%emt 0:11:36]} 27. Kh1 {[%emt 0:09:05]} Bc8 {[%emt 0:03:09]} 28. a5 {[%emt 0:06:46]} g5 {[%emt 0:00:57]} 29. Be6+ {[%emt 0:02:20]} Kh8 30. axb6 {[%emt 0:02:44]} axb6 {[%emt 0:01:08]} 31. Ra1 {[%emt 0:04:44]} gxf4 {[%emt 0:02:11]} 32. Nf5 {[%emt 0:02:50]} Nxf5 {[%emt 0:00:22]} 33. exf5 {[%emt 0:00:06]} Ne5 {[%emt 0:00:29]} 34. Qxf4 {[%emt 0:00:50]} Qh7 {[%emt 0:07:55]} 35. Rg1 {[%emt 0:00:26]} Bb7 {[%emt 0:01:32]} 36. Rg3 {[%emt 0:01:19]} Ra8 {[%emt 0:02:08]} 37. Rag1 {[%emt 0:00:28]} Ra3 {[%emt 0:07:39]} 38. Rg8+ {[%emt 0:02:41]} Rxg8 {[%emt 0:00:44]} 39. Rxg8+ {[%emt 0:00:02]} Qxg8 {[%emt 0:00:37]} 40. Qh6+ {[%emt 0:00:09]} 1-0

[Event "Ceske Budejovice Open-A 2019"]
[Site "Ceske Budejovice"]
[Date "2019.07.05"]
[Round "7.25"]
[White "Prazak, Daniel"]
[Black "Valasek, Jakub"]
[Result "1/2-1/2"]
[WhiteElo "1586"]
[BlackElo "1636"]
[Annotator "NA"]
[PlyCount "46"]
[EventDate "2019.07.02"]
[EventCountry "CZE"]
[SourceTitle "playchess.com"]
[Source "ChessBase"]
[SourceQuality "1"]
[TimeControl "5400+30"]

1. e4 {[%emt 0:00:00]} e5 {[%emt 0:00:00]} 2. Nf3 {[%emt 0:00:00]} Nc6 {[%emt 0:00:16]} 3. Bb5 {[%emt 0:00:13]} a6 {[%emt 0:00:32]} 4. Ba4 {[%emt 0:00:15]} Nf6 {[%emt 0:00:51]} 5. d3 {[%emt 0:01:39]} d6 {[%emt 0:03:10]} 6. h3 {[%emt 0:02:38]} Be7 {[%emt 0:02:22]} 7. O-O {[%emt 0:01:31]} b5 {[%emt 0:02:25]} 8. Bb3 {[%emt 0:01:52]} Na5 {[%emt 0:01:46]} 9. Nbd2 {[%emt 0:02:47]} Nxb3 {[%emt 0:02:29]} 10. axb3 {[%emt 0:00:29]} c5 {[%emt 0:02:43]} 11. Re1 {[%emt 0:02:37]} O-O {[%emt 0:02:30]} 12. Nf1 {[%emt 0:02:05]} h6 {[%emt 0:03:07]} 13. Ng3 {[%emt 0:05:05]} Nh7 {[%emt 0:02:55]} 14. Be3 {[%emt 0:03:19]} f5 {[%emt 0:04:07]} 15. exf5 {[%emt 0:03:02]} Bxf5 {[%emt 0:01:26]} 16. Nxf5 {[%emt 0:01:08]} Rxf5 {[%emt 0:00:58]} 17. Qd2 {[%emt 0:07:42]} Qf8 {[%emt 0:04:09]} 18. Qe2 {[%emt 0:04:04]} g5 {[%emt 0:04:57]} 19. Nh2 {[%emt 0:05:42]} Qf7 {[%emt 0:03:54]} 20. g4 {[%emt 0:05:07]} Rf6 {[%emt 0:01:12]} 21. Nf1 {[%emt 0:01:58]} Nf8 {[%emt 0:03:48]} 22. Ng3 {[%emt 0:02:17]} Ne6 {[%emt 0:03:38]} 23. Rf1 {[%emt 0:05:24]} Qf8 1/2-1/2

[Event "Ceske Budejovice Open-A 2019"]
[Site "Ceske Budejovice"]
[Date "2019.07.06"]
[Round "8.1"]
[White "Mirzoev, Azer"]
[Black "Nagy, Gabor"]
[Result "1/2-1/2"]
[WhiteElo "2474"]
[BlackElo "2474"]
[Annotator "ChessBase"]
[PlyCount "65"]
[EventDate "2019.07.02"]
[EventCountry "CZE"]
[SourceTitle "playchess.com"]
[Source "ChessBase"]
[SourceQuality "1"]
[TimeControl "5400+30"]

1. d4 {[%emt 0:01:07]} Nf6 {[%emt 0:00:00]} 2. Nf3 {[%emt 0:00:04]} g6 {[%emt 0:00:00]} 3. Nbd2 {[%emt 0:00:29]} d5 {[%emt 0:00:02]} 4. e3 {[%emt 0:00:11]} Bg7 {[%emt 0:00:06]} 5. b4 {[%emt 0:00:09]} a5 {[%emt 0:00:06]} 6. b5 {[%emt 0:00:10]} c5 {[%emt 0:00:07]} 7. bxc6 {[%emt 0:00:15]} Nxc6 {[%emt 0:00:08]} 8. c4 {[%emt 0:02:23]} O-O {[%emt 0:00:37]} 9. Bb2 {[%emt 0:00:24]} Bf5 {[%emt 0:00:50]} 10. a3 {[%emt 0:00:21]} dxc4 {[%emt 0:09:29]} 11. Bxc4 {[%emt 0:01:56]} e5 {[%emt 0:00:21]} 12. Nxe5 {[%emt 0:11:22]} Nxe5 {[%emt 0:00:23]} 13. dxe5 {[%emt 0:00:06]} Ng4 {[%emt 0:00:28]} 14. Nf3 {[%emt 0:08:24]} Qe7 {[%emt 0:00:47]} 15. O-O {[%emt 0:08:44]} Rad8 {[%emt 0:03:08]} 16. Qb3 {[%emt 0:02:04]} Be4 {[%emt 0:03:16]} 17. Be2 {[%emt 0:10:21]} Nxe5 {[%emt 0:03:44]} 18. Nxe5 {[%emt 0:00:15]} Bxe5 {[%emt 0:00:06]} 19. Bxe5 {[%emt 0:00:10]} Qxe5 {[%emt 0:00:06]} 20. Rfd1 {[%emt 0:00:23]} Bc6 {[%emt 0:03:04]} 21. h3 {[%emt 0:05:08]} Qg5 {[%emt 0:02:55]} 22. Bf1 {[%emt 0:00:31]} Rxd1 {[%emt 0:01:34]} 23. Rxd1 {[%emt 0:00:07]} Rd8 {[%emt 0:00:20]} 24. Rxd8+ {[%emt 0:00:59]} Qxd8 {[%emt 0:00:22]} 25. Qc3 {[%emt 0:00:09]} Qd5 {[%emt 0:00:23]} 26. f3 {[%emt 0:02:03]} a4 {[%emt 0:01:00]} 27. e4 {[%emt 0:02:19]} Qg5 {[%emt 0:01:18]} 28. Kf2 {[%emt 0:01:49]} h5 {[%emt 0:01:35]} 29. Qd4 {[%emt 0:05:53]} Qc1 {[%emt 0:01:35]} 30. Qd8+ {[%emt 0:02:18]} Kg7 {[%emt 0:01:03]} 31. Qd4+ {[%emt 0:00:07]} Kg8 {[%emt 0:00:05]} 32. Qd8+ {[%emt 0:00:05]} Kg7 {[%emt 0:00:04]} 33. Qd4+ {[%emt 0:00:06]} 1/2-1/2

[Event "Ceske Budejovice Open-A 2019"]
[Site "Ceske Budejovice"]
[Date "2019.07.06"]
[Round "8.2"]
[White "Voloshin, Leonid"]
[Black "Frolov, Artur"]
[Result "1/2-1/2"]
[WhiteElo "2376"]
[BlackElo "2453"]
[Annotator "ChessBase"]
[PlyCount "22"]
[EventDate "2019.07.02"]
[EventCountry "CZE"]
[SourceTitle "playchess.com"]
[Source "ChessBase"]
[SourceQuality "1"]
[TimeControl "5400+30"]

1. Nf3 {[%emt 0:00:00]} Nf6 {[%emt 0:00:00]} 2. g3 {[%emt 0:00:00]} d5 {[%emt 0:00:00]} 3. Bg2 {[%emt 0:00:00]} c5 {[%emt 0:00:00]} 4. O-O {[%emt 0:00:17]} Nc6 {[%emt 0:00:00]} 5. d4 {[%emt 0:00:16]} cxd4 {[%emt 0:01:08]} 6. Nxd4 {[%emt 0:00:06]} e6 {[%emt 0:00:21]} 7. Nxc6 {[%emt 0:02:40]} bxc6 {[%emt 0:00:05]} 8. c4 {[%emt 0:00:57]} Be7 {[%emt 0:00:07]} 9. Nd2 {[%emt 0:00:13]} O-O {[%emt 0:00:09]} 10. b3 {[%emt 0:00:16]} Qa5 {[%emt 0:00:24]} 11. Qc2 {[%emt 0:01:45]} e5 {[%emt 0:04:39]} 1/2-1/2